000 01048nam a2200277Ia 4500
003 OSt
005 20221005110109.0
006 a|||||r|||| 00| 0
007 ta
008 221004b |||||||| |||| 00| 0 hin d
020 _a8126006706 (pbk)
_c200
024 _a93621
037 _b529, 19/03/2009, Vani Prakashan
_cTextual
040 _aCRL
_cCRL
_bhin
041 _2hin
_ahin
082 _aO152,3M80:g, K9;N2
100 _aगुप्त, प्रकाशचन्द्र, अनु.
245 0 _aप्रेमचन्द
246 _aPremachanda
260 _aनई दिल्ली
_bसाहित्य अकादेमी भारत
_c1969
300 _a64पृ0
_ccm.
490 _aभारतीय साहित्य के निर्माता
650 _aहिन्दी साहित्य
942 _hO152,3M80:g, K9;N2
_cTEXL
_2cc
999 _c1017791
_d1017791